| Tag |
First Indicator |
Second Indicator |
Subfields |
| LEADER |
00000cam a2200000 a 4500 |
| 001 |
in00000075643 |
| 005 |
20151008053654.0 |
| 008 |
770802s1961 enk 00010 engm |
| 010 |
|
|
|a 62001413
|
| 035 |
|
|
|a (OCoLC)03154456
|
| 035 |
|
|
|9 AAH8238AM
|
| 040 |
|
|
|a IQW
|c IQW
|d m.c.
|d TXA
|d UtOrBLW
|
| 049 |
|
|
|a TXAM
|c [1195702]
|
| 090 |
|
|
|a B384.A5
|b T39 1961
|
| 100 |
0 |
|
|a Plato.
|
| 240 |
1 |
0 |
|a Sophist.
|l English
|
| 245 |
1 |
4 |
|a The sophist & The statesman /
|c Plato ; translation and introduction by A.E. Taylor ; edited by Raymond Klibansky and Elizabeth Anscombe.
|
| 264 |
|
1 |
|a London ;
|a New York :
|b T. Nelson,
|c 1961.
|
| 300 |
|
|
|a vii, 343 pages ;
|c 21 cm.
|
| 336 |
|
|
|a text
|b txt
|2 rdacontent
|
| 337 |
|
|
|a unmediated
|b n
|2 rdamedia
|
| 338 |
|
|
|a volume
|b nc
|2 rdacarrier
|
| 504 |
|
|
|a Includes bibliographical references.
|
| 700 |
0 |
|
|a Plato.
|t Statesman.
|
| 700 |
1 |
|
|a Taylor, A. E.
|q (Alfred Edward),
|d 1869-1945.
|
| 740 |
4 |
|
|a The statesman.
|
| 999 |
|
|
|a MARS
|
| 999 |
f |
f |
|s 727dd17e-c91b-399a-aa9c-435a89d42da3
|i c2d37605-4a52-3358-9ad3-941541b4fae1
|t 0
|
| 952 |
f |
f |
|p ric
|a Texas A&M University
|b Rellis Campus
|c Joint Library Facility
|d Remote Storage
|t 0
|e B384.A5 T39 1961
|h Library of Congress classification
|i unmediated -- volume
|m A14806076755
|
| 998 |
f |
f |
|a B384.A5 T39 1961
|t 0
|l Remote Storage
|